| 000 | 00906nam a22002297a 4500 | ||
|---|---|---|---|
| 005 | 20251108165526.0 | ||
| 008 | 250721s2002 xx 000 0 ara d | ||
| 082 | 1 | 4 | _a830.1/باو |
| 100 | 1 | _aباومان، باربارا | |
| 245 | 1 | 0 |
_aعصور الأدب الألماني : _bتحولات و مسارات التجديد / |
| 264 | 1 |
_aالكويت : _bالمجلس الوطني للثقافة و الفنون و الأدب، _c2002. |
|
| 300 | _a483ص | ||
| 490 | 0 | _aعالم المعرفة : سلسلة كتب ثقافية شهرية يصدرها المجلس ........؛278 | |
| 650 | 1 | 7 | _aالأدب الألماني |
| 650 | 1 | 7 | _aعصر ألمانيا 1990-1945 |
| 650 | 1 | 7 | _aتاريخ ألمانيا |
| 650 | 1 | 7 | _aعصر ألمانيا الموحدة 1990 |
| 700 | 1 | _aاوبرله، بريجنيتا | |
| 700 | 1 |
_aشريف، هبة _eترجمة |
|
| 942 |
_2ddc _cBK |
||
| 999 |
_c29982 _d29982 |
||